| 000 | 00376nam a22001337a 4500 | ||
|---|---|---|---|
| 082 | _aBICSE-6 FUR | ||
| 100 |
_aFurqan Ali Khan _992510 |
||
| 245 | _aAndroid based p2p wifi communicator | ||
| 260 |
_aIslamabad _bNUST SEECS _c2013 |
||
| 300 | _a35p.: | ||
| 500 | _asupervisor:Dr.Adeel Baig | ||
| 856 | _uhttp://10.250.8.41:8080/xmlui/handle/123456789/10341 | ||
| 942 |
_cPR _2ddc |
||
| 999 |
_c489562 _d489562 |
||